Internet banking : (Record no. 195563)

MARC details
000 -LEADER
fixed length control field 00832nam a2200229Ia 4500
005 - DATE AND TIME OF LATEST TRANSACTION
control field 20260128094256.0
008 - FIXED-LENGTH DATA ELEMENTS--GENERAL INFORMATION
fixed length control field 210716s2017 xx 000 0 und d
020 ## - INTERNATIONAL STANDARD BOOK NUMBER
International Standard Book Number 9789385923579
040 ## - CATALOGING SOURCE
Transcribing agency AIMIT LIBRARY
041 ## - LANGUAGE CODE
Language code of text/sound track or separate title eng
082 ## - DEWEY DECIMAL CLASSIFICATION NUMBER
Classification number 332.175
Edition number 1
Item number GEOA
100 ## - MAIN ENTRY--PERSONAL NAME
Personal name George, Ajimon.
9 (RLIN) 252886
245 ## - TITLE STATEMENT
Title Internet banking :
Remainder of title theoretical and practical exploration /
Statement of responsibility, etc. By Ajimon George and G S Gireesh Kumar.
250 ## - EDITION STATEMENT
Edition statement 1st ed.
260 ## - PUBLICATION, DISTRIBUTION, ETC.
Place of publication, distribution, etc. New Delhi :
Name of publisher, distributor, etc. New Age International Pvt Ltd ,
Date of publication, distribution, etc. 2017.
300 ## - PHYSICAL DESCRIPTION
Extent xiv,203p. ;
Other physical details PB
Dimensions 24.7 cm
650 ## - SUBJECT ADDED ENTRY--TOPICAL TERM
Topical term or geographic name entry element Internet banking- concepts and related literature
9 (RLIN) 252887
650 ## - SUBJECT ADDED ENTRY--TOPICAL TERM
Topical term or geographic name entry element Risk and security in internet banking
9 (RLIN) 252888
650 ## - SUBJECT ADDED ENTRY--TOPICAL TERM
Topical term or geographic name entry element Summary of findings and implication
9 (RLIN) 252889
700 ## - ADDED ENTRY--PERSONAL NAME
Personal name Kumar, G S Gireesh.
9 (RLIN) 252890
942 ## - ADDED ENTRY ELEMENTS (KOHA)
Source of classification or shelving scheme Dewey Decimal Classification
Koha item type Book
Item part 1st
Call number prefix 332.175 GEOA
Holdings
Withdrawn status Lost status Source of classification or shelving scheme Damaged status Not for loan Collection code Home library Current library Source of acquisition Cost, normal purchase price Inventory number Total Checkouts Full call number Barcode Date last seen Cost, replacement price Price effective from Koha item type
    Dewey Decimal Classification     MCA St Aloysius Institute of Management & Information Technology St Aloysius Institute of Management & Information Technology Knowledge World 299.00 Bill no:318; Bill dt:2017-02-10   332.175 GEOA MCA15073 05/23/2026 224.25 07/16/2021 Book
    Dewey Decimal Classification   Reference Book MCA St Aloysius Institute of Management & Information Technology St Aloysius Institute of Management & Information Technology Knowledge World 299.00 Bill no:501; Bill dt:2018-03-05   332.175 GEOA MCA15582 07/21/2025 224.25 07/16/2021 Book